Online Catalogue and eLibrary

The Debt Crisis, and Aid, a euphemistic term for crippling loans : (Record no. 2751)

MARC details
000 -LEADER
fixed length control field 00336nam a2200097Ia 4500
008 - FIXED-LENGTH DATA ELEMENTS--GENERAL INFORMATION
fixed length control field 240331s9999 xx 000 0 und d
082 ## - DDC Classification
Item Number - Author Mark DES
100 ## - MAIN ENTRY--PERSONAL NAME
Personal name De Silva, Mervyn
245 #4 - TITLE STATEMENT
Title The Debt Crisis, and Aid, a euphemistic term for crippling loans :
Remainder of title Glasnost-Peretroika, but the struggles of the third worlds' poor continues
942 ## - Koha item type (Biblio)
Koha item type Books in Stacks (Lending)
Holdings
Lost status Damaged status Collection code Home library Current library Shelving location Date acquired Full call number Accession Number Item type
    Lending WERC Library WERC Library Social Science Cupboard 03/31/2024 332 DES 1483 Books in Stacks (Lending)

© WERC Library